|
|
|
|
| LEADER |
00000nam a22000007a 4500 |
| 003 |
cru CIDCACS/IIS |
| 005 |
20221122100344.0 |
| 007 |
ta |
| 008 |
200424s1982 nq |||p|r|||||||| ||spa|d |
| 040 |
|
|
|c cru CIDCACS/IIS
|
| 090 |
|
|
|a RE0755
|
| 110 |
2 |
|
|a Coordinadora Regional de Investigaciones Económicas y Sociales
|9 9268
|
| 245 |
1 |
|
|a Pensamiento Propio /
|c Coordinadora Regional de Investigaciones Económicas y Sociales
|
| 260 |
|
|
|a Managua, Nicaragua:
|b CRIES,
|
| 270 |
|
|
|a Ap. c-16 Managua
|
| 500 |
|
|
|a Colección Centroamérica
|
| 505 |
|
|
|a Discos compactos
|
| 650 |
|
0 |
|9 390
|a REFORMA ECONOMICA
|
| 650 |
|
4 |
|9 4424
|a ESTABILIZACION ECONOMICA
|
| 650 |
|
0 |
|9 671
|a PRODUCCION
|
| 650 |
|
0 |
|9 2434
|a SALARIOS
|
| 650 |
|
4 |
|9 2667
|a INFLACION
|
| 650 |
|
4 |
|9 3225
|a PRECIOS
|
| 650 |
|
4 |
|9 1841
|a PRODUCTO INTERNO BRUTO
|
| 650 |
|
0 |
|9 95
|a EXPORTACIONES
|
| 942 |
|
|
|2 ddc
|c RE
|
| 999 |
|
|
|c 44658
|d 44658
|